Algebraic and Arithmetic Structures (Record no. 19169)

MARC details
000 -LEADER
fixed length control field 00526nam a22001697a 4500
008 - FIXED-LENGTH DATA ELEMENTS--GENERAL INFORMATION
fixed length control field 211202b |||||||| |||| 00| 0 eng d
020 ## - INTERNATIONAL STANDARD BOOK NUMBER
International Standard Book Number 0029022703
050 ## - LIBRARY OF CONGRESS CALL NUMBER
Classification number QA135.5
Item number .B45 1976
100 ## - MAIN ENTRY--PERSONAL NAME
Personal name Bell, Max S.
245 ## - TITLE STATEMENT
Title Algebraic and Arithmetic Structures
Remainder of title a concrete approach for elementary school teachers
Statement of responsibility, etc. Max S. Bell
260 ## - PUBLICATION, DISTRIBUTION, ETC. (IMPRINT)
Place of publication, distribution, etc. New York
Name of publisher, distributor, etc. Free Press
Date of publication, distribution, etc. 1976
300 ## - PHYSICAL DESCRIPTION
Extent xxxv, 683p.
650 ## - SUBJECT ADDED ENTRY--TOPICAL TERM
Topical term or geographic name as entry element Mathematics
Form subdivision study and teaching
700 ## - ADDED ENTRY--PERSONAL NAME
Personal name Fuson, Karen C.
700 ## - ADDED ENTRY--PERSONAL NAME
Personal name Lesh, Richard A.
942 ## - ADDED ENTRY ELEMENTS (KOHA)
Source of classification or shelving scheme Library of Congress Classification
Koha item type General Collection
Holdings
Withdrawn status Lost status Source of classification or shelving scheme Not for loan Home library Current library Date acquired Total Checkouts Full call number Barcode Date last seen Price effective from Koha item type
    Library of Congress Classification   Kabarak, Main Campus Kabarak, Main Campus 02/12/2021   QA135.5 .B45 1976 c.1 031041 02/12/2021 02/12/2021 General Collection
Designed with assistance from East African Informatics Ltd